Cartas a las mujeres de España
Gespeichert in:
| 1. Verfasser: | |
|---|---|
| Format: | Buch |
| Sprache: | Spanisch |
| Veröffentlicht: |
Madrid
Renacimiento
1918
|
| Schlagworte: | |
| Tags: |
Tag hinzufügen
Keine Tags, Fügen Sie den ersten Tag hinzu!
|
MARC
| LEADER | 00000nam a2200000 a 4500 | ||
|---|---|---|---|
| 001 | UCZ7238 | ||
| 003 | CL-VaPUC | ||
| 008 | 951228e19180000SP |||||||||||||||||spa|d | ||
| 082 | 0 | 4 | |a 866 |b MAR |2 21 |
| 100 | |a Martínez Sierra, Gregorio |e autor |9 371594 | ||
| 245 | 1 | 0 | |a Cartas a las mujeres de España |
| 300 | |a 262 p | ||
| 942 | |c BK | ||
| 945 | |d 19951228 00:00:00 |a rleighto | ||
| 260 | |a Madrid |b Renacimiento |c 1918 | ||
| 650 | 7 | |a CORRESPONDENCIAS ESPAÑOLAS |2 CL-VaPUC |9 350179 | |
| 583 | |a last modification |c 19951228 00:00:00 |k Rodrigo Vera | ||
| 999 | |c 243341 |d 243339 | ||
| 952 | |0 0 |1 0 |4 0 |6 866_000000000000000_MAR_1918 |7 0 |8 A |9 256936 |a BIBEDU |b BIBEDU |c ES_NOD |d 2019-11-19 |i 3165809 |o 866 MAR 1918 |p 3165809 |r 2023-08-09 |w 2019-11-19 |y BK |k LIT | ||